| 000 | 00787nam a2200253Ia 4500 | ||
|---|---|---|---|
| 003 | OSt | ||
| 005 | 20221005060834.0 | ||
| 006 | a|||||r|||| 00| 0 | ||
| 007 | ta | ||
| 008 | 221004b |||||||| |||| 00| 0 eng d | ||
| 020 |
_a9780415468831 (pbk) _c695 |
||
| 024 | _a7673 | ||
| 037 |
_b786, 18/10/2013, The Book Seller _cTextual |
||
| 040 |
_aCRL _cCRL _beng |
||
| 041 |
_2eng _aeng |
||
| 082 | _aP111:7, Q0 | ||
| 100 |
_aLillis Theresa _9599894 |
||
| 245 | 0 |
_aAcademic writing in a global context _b Politics and practices of publishing in English |
|
| 260 |
_aLondon _bRoutledge UK _c2013 |
||
| 300 |
_axiv,203p. _ccm. |
||
| 650 | _aLINGUISTICS | ||
| 942 |
_hP111:7, Q0 _cTEXL _2cc |
||
| 999 |
_c967336 _d967336 |
||